Προγράμματα μέσης εκπαιδεύσεως
Αποθηκεύτηκε σε:
| Κύριος συγγραφέας: | |
|---|---|
| Μορφή: | Βιβλίο |
| Γλώσσα: | Greek |
| Δημοσίευση: |
Αθήναι :
1974
|
| Θέματα: | |
| Ετικέτες: |
Προσθήκη ετικέτας
Δεν υπάρχουν, Καταχωρήστε ετικέτα πρώτοι!
|
MARC
| LEADER | 00000cam a2200000 i 4500 | ||
|---|---|---|---|
| 001 | 1/80017 | ||
| 008 | 960826s1974 gr | ||| |||| ||gre|| | ||
| 035 | |a 1993 |b 1 |c Βιβλιοθήκη |l 10033336 | ||
| 040 | |a GR-MY-UA |b gre |e aacr | ||
| 041 | 0 | |a gre | |
| 082 | 0 | |a 373.19 | |
| 100 | 1 | |a Κούρνιας, Κωνσταντίνος Ιω., |d 1907- | |
| 245 | 1 | 0 | |a Προγράμματα μέσης εκπαιδεύσεως / |c Κ.Ι.Κουρνιά |
| 260 | |a Αθήναι : |c 1974 | ||
| 300 | |a 2 τ. | ||
| 505 | 0 | |a τ.1: Νέα και Αρχαία ελληνικά: εισαγωγή, κείμενα, σχόλια - τ.2: Α'μερ.: Αναλυτικά προγράμματα: Φιλοσοφικά, Ιστορία, Αγωγή του πολίτου, Λατινικά: κείμενα, σχόλια. Β'μερ. Ωρολόγια προγράμματα. Γ'μερ. Γενικές παρατηρήσεις | |
| 650 | 0 | 0 | |a Curriculum planning |z Greece. |
| 650 | 0 | 0 | |a Education, Secondary |x Curricula |z Greece. |
| 852 | |a INST |b RHODES |e 19960826 |h 373.19 ΚΟΥ |p 005400009586 |q 005400009586 |t BK |y 0 |z τ.1 | ||
| 852 | |a INST |b RHODES |e 19960826 |h 373.19 ΚΟΥ |p 005400009587 |q 005400009587 |t BK |y 0 |z τ.2 | ||
| 852 | |a INST |b RHODES |e 19960826 |h 373.19 ΚΟΥ |p 005400009586 |q 005400009586 |t BK |v τ.1: |y 0 |z τ.1 | ||
| 852 | |a INST |b RHODES |e 19960826 |h 373.19 ΚΟΥ |p 005400009587 |q 005400009587 |t BK |v τ.2: |y 0 |z τ.2 | ||
| 853 | |a INST |b RHODES |h 373.19 ΚΟΥ | ||
| 909 | |a Ρ |b 025740 | ||
| 909 | |a Ρ |b 025741 | ||
| 970 | |z 2000/06/ΚΑΤΕΡΙΝΑ | ||